GREEN SUPPLY CHAIN NETWORK DESIGN TO STUDY THE EFFECTS OF WASTE MANAGEMENT ON ENVIRONMENT/ (Record no. 607613)

000 -LEADER
fixed length control field 00564nam a22001697a 4500
003 - CONTROL NUMBER IDENTIFIER
control field NUST
038 ## - RECORD CONTENT LICENSOR
Staff Name Nusrat Nadeem
082 ## - DEWEY DECIMAL CLASSIFICATION NUMBER
Classification number 200
100 ## - MAIN ENTRY--PERSONAL NAME
Personal name Maalik Rabia
245 ## - TITLE STATEMENT
Title GREEN SUPPLY CHAIN NETWORK DESIGN TO STUDY THE EFFECTS OF WASTE MANAGEMENT ON ENVIRONMENT/
Statement of responsibility, etc. Rabia Maalik,
264 ## - PRODUCTION, PUBLICATION, DISTRIBUTION, MANUFACTURE, AND COPYRIGHT NOTICE
Place of production, publication, distribution, manufacture Islamabad,
Name of producer, publisher, distributor, manufacturer NBS NUST,
Date of production, publication, distribution, manufacture, or copyright notice 2023.
300 ## - PHYSICAL DESCRIPTION
Extent ill:
Other physical details 91,p:
Dimensions 30,p:
650 ## - SUBJECT ADDED ENTRY--TOPICAL TERM
Topical term or geographic name entry element MS-Operations and Supply Chain
700 ## - ADDED ENTRY--PERSONAL NAME
Personal name Supervisor: Dr. Waqas Ahmed
856 ## - ELECTRONIC LOCATION AND ACCESS
Uniform Resource Identifier <a href="http://10.250.8.41:8080/xmlui/handle/123456789/39220">http://10.250.8.41:8080/xmlui/handle/123456789/39220</a>
942 ## - ADDED ENTRY ELEMENTS (KOHA)
Source of classification or shelving scheme
Koha item type Soft Copy
Holdings
Withdrawn status Permanent Location Current Location Shelving location Date acquired Full call number Barcode Koha item type
  Central Library (CL) Central Library (CL) Thesis 02/01/2024 200 CL-T-6965 Soft Copy
© 2023 Central Library, National University of Sciences and Technology. All Rights Reserved.